000 01207nam a2200313 c 4500
003 BLK
005 20210605153103.0
008 180411b bul|||||r ||||||| ||bul||
010 _aKNG00186906000
020 _a978-954-9772-95-1
_bиздат.: Факел експрес
040 _aBLK
041 _aBUL
_cBUL
072 7 _2bullib
_aН84
_xБългарска художествена литература Н
080 _aБългарска литература
_b821.163.2
_x-27
_z821.163.2-27
100 1 _aАлексиева, Елена Алексиева
_eпърви автор
_9380649
139 _aАлексиева, Елена Алексиева
_bА 52
245 1 0 _aЖертви на любовта
_bМонодрами
_cЕлена Алексиева Алексиева.
257 _aBGR
260 София
_bФакел експрес
_c2015
_fСофия : Симолини 94
300 _a182 с.
_c20 см
380 _aX
500 _aГлас ; Мадам Мишима
659 _aН
852 _aЦб 279803
856 4 _qpdf
_u
856 4 _qpdf
_u
942 _cKNG
_n0
_05
944 _aCR
_c08.03.2016
_kВиолета_Тройчева
944 _aED
_c17.10.2017
_kВиолета_Тройчева
999 _c178201
_d178201